00873pab a2200133 454500008004000000100002200040245007300062260000900135300001300144362001100157520050600168650002300674773004200697180718b2007 xxu||||| |||| 00| 0 eng d aVenida, Victor S. aMarxian categories empirically estimated: the Philippines, 1961-1994 c2007 ap.58-79. aWinter aThe article uses a formal model to estimate rates of surplus creation and use for the Philippines. Input-output tables from 1961 to 1994 were used in the estimation. The theoretical framework was the model of social disarticulation, which argued that income inequality and labor surplus resulted in substantial rates of surplus. Results for the Philippines confirmed these arguments and also suggested that a large portion of the surplus might have been devoted to unproductive purposes. - Reproduced. aMarxian, economics aReview of Radical Political Economics